Benjamin /
"Buarque's second novel is the disturbing tale of an exmodel who, in the seconds before dying, relives his life as if it were a film. A tale of obsession and urban chaos, expertly and lovingly translated, with great attention to the dense descriptive passages of the original"--Handboo...
Saved in:
| Main Author: | |
|---|---|
| Other Authors: | |
| Format: | Book |
| Language: | English Portuguese |
| Published: |
London :
Bloomsbury,
1997.
|
| Subjects: | |
| Tags: |
Add Tag
No Tags, Be the first to tag this record!
|
| LEADER | 01763cam a2200433 a 4500 | ||
|---|---|---|---|
| 001 | 007768733-7 | ||
| 005 | 20170831120644.0 | ||
| 008 | 980220s1997 enk 000 1 eng | ||
| 010 | |a 98117761 | ||
| 020 | |a 0747530157 | ||
| 020 | |a 9780747530152 | ||
| 020 | |a 0747535027 | ||
| 020 | |a 9780747535027 | ||
| 035 | 0 | |a ocm37679712 | |
| 040 | |a DLC |b eng |c DLC |d OCLCQ |d BTCTA |d YDXCP |d OCLCG |d AU@ |d CPE |d NZNSL |d TOH |d OCLCO |d OCLCA |d OCLCF |d OCLCQ |d OCLCO | ||
| 041 | 1 | |a eng |h por | |
| 043 | |a s-bl--- | ||
| 050 | 0 | 0 | |a PQ9698.18.O35 |b B4613 1997 |
| 082 | 0 | 0 | |a 869.3 |2 21 |
| 100 | 1 | |a Buarque, Chico, |d 1944- | |
| 240 | 1 | 0 | |a Benjamim. |l English |
| 245 | 1 | 0 | |a Benjamin / |c Chico Buarque ; translated by Clifford E. Landers. |
| 260 | |a London : |b Bloomsbury, |c 1997. | ||
| 300 | |a 150 pages ; |c 21 cm | ||
| 336 | |a text |b txt |2 rdacontent | ||
| 337 | |a unmediated |b n |2 rdamedia | ||
| 338 | |a volume |b nc |2 rdacarrier | ||
| 520 | 1 | |a "Buarque's second novel is the disturbing tale of an exmodel who, in the seconds before dying, relives his life as if it were a film. A tale of obsession and urban chaos, expertly and lovingly translated, with great attention to the dense descriptive passages of the original"--Handbook of Latin American Studies, v. 58. |u http://www.loc.gov/hlas | |
| 650 | 0 | |a Motion picture actors and actresses |z Brazil |z Rio de Janeiro |v Fiction. | |
| 650 | 0 | |a Guilt |v Fiction. | |
| 651 | 0 | |a Rio de Janeiro (Brazil) |v Fiction. | |
| 650 | 7 | |a Guilt. |2 fast |0 (OCoLC)fst00949079 | |
| 650 | 7 | |a Motion picture actors and actresses. |2 fast |0 (OCoLC)fst01027096 | |
| 651 | 7 | |a Brazil |z Rio de Janeiro. |2 fast |0 (OCoLC)fst01205337 | |
| 655 | 7 | |a Fiction. |2 fast |0 (OCoLC)fst01423787 | |
| 700 | 1 | |a Landers, Clifford E. | |
| 988 | |a 20020608 | ||
| 049 | |a HLSS | ||
| 906 | |0 DLC | ||


